Imiona żeńskie Rosyjskiego pochodzenia noszone przez Polki - Statystyki

Ogólne statystyki
  • Ten quiz został rozwiązany 90 razy
  • Średni wynik to 4 z 7
Statystyki odpowiedzi
Hint Odpowiedź % Poprawnych
T Tatiana
82%
O Olga
74%
N Natasza
71%
D Daria
59%
A Anastazja
55%
S Sonia
31%
K Kalina
27%
Nie znaleziono quizów pasujących do podanych kryteriów
Rozkład punktacji
Procent ludzi z każdym wynikiem
Percentyl według liczby udzielonych odpowiedzi
Twoja historia wyników
Nie rozwiązałeś tego quizu